A. WESLEY POWELL LEARNING RESOURCE CENTRE (WPLRC)

Wonderful Place to Learn, Research & Collaborate

The Chisholm Trail (Record no. 12995)

MARC details
000 -LEADER
fixed length control field nam a22 4500
001 - ACCESSION NUMBER
control field 000
003 - CONTROL NUMBER IDENTIFIER
control field 000
005 - DATE AND TIME OF LATEST TRANSACTION
control field 20190227154801.0
008 - FIXED-LENGTH DATA ELEMENTS--GENERAL INFORMATION
fixed length control field 000
020 ## - INTERNATIONAL STANDARD BOOK NUMBER
International Standard Book Number 0-312-92953-6
040 ## - CATALOGING SOURCE
Transcribing agency 000
082 ## - DEWEY DECIMAL CLASSIFICATION NUMBER
Classification number F/COM
245 ## - TITLE STATEMENT
Title The Chisholm Trail
Statement of responsibility, etc. Ralph Compton
260 ## - PUBLICATION, DISTRIBUTION, ETC. (IMPRINT)
Place of publication, distribution, etc. New York
Name of publisher, distributor, etc. St. Martin's Paperbacks
Date of publication, distribution, etc. 1993
300 ## - PHYSICAL DESCRIPTION
Extent 17 cm
942 ## - ADDED ENTRY ELEMENTS (KOHA)
Source of classification or shelving scheme Dewey Decimal Classification
Koha item type Circ Books
Holdings
Withdrawn status Lost status Source of classification or shelving scheme Damaged status Not for loan Home library Current library Date acquired Total Checkouts Full call number Barcode Date last seen Price effective from Koha item type
    Dewey Decimal Classification     Wesley Powell Learning Resource Centre Wesley Powell Learning Resource Centre 02/27/2019   F/COM 44507 02/27/2019 02/27/2019 Circ Books
    Dewey Decimal Classification     Wesley Powell Learning Resource Centre Wesley Powell Learning Resource Centre 02/27/2019   F/COM   02/27/2019 02/27/2019 Circ Books